00626nam a2200193Ia 4500003000400000005001700004008004100021040000700062041000800069082001600077100006000093245006300153260001700216300000900233650002300242942001300265999001900278952013500297OSt20251030142119.0250729s2005 xx 000 0 und d cAL akan a370.15 GOVS aಗೋವಿಂದರಾವ್ ಎ ವಿ9223628 aಶಿಕ್ಶಣದ ಮನೋವಿಜ್ನಾನ aMysorec2005 a286p aPsychology9223629 2ddccBED c236003d236003 00104070aALbALd2025-07-29eSchool Book Companyg100.00l0o370.15 GOVSpBED01322r2025-07-29 16:54:30v100.00w2025-07-29yBK